| 000 | 00574nam a22001937a 4500 | ||
|---|---|---|---|
| 003 | 0 | ||
| 005 | 20231117092325.0 | ||
| 008 | 231117b xxu||||| |||| 00| 0 eng d | ||
| 020 | _a978-621-8179-11-0 | ||
| 050 |
_aLC 1099 _b.Y48 2022 |
||
| 100 | _aYeung, Mylene A. | ||
| 245 |
_aMulticultural diversity in workplace _cMylene A. Yeung |
||
| 260 |
_aManila _bEDRIC Publishing House _cc2022. |
||
| 300 |
_a116 pages ; _c25 cm. |
||
| 504 | _aIncludes bibliographical references. | ||
| 650 | _aMulticultural--workplace. | ||
| 650 | _aMulticuluralism. | ||
| 942 |
_2lcc _cBK |
||
| 999 |
_c365619 _d365619 |
||